[Event "FIDE Women's Grand Prix Kazan"]
[Site "Kazan RUS"]
[Date "2012.06.21"]
[EventDate "2012.06.09"]
[Round "10"]
[Result "1/2-1/2"]
[White "Betul Cemre Yildiz"]
[Black "Kateryna Lahno"]
[WhiteElo "2333"]
[BlackElo "2546"]
[PlyCount "70"]

1. e4 d6 2. d4 Nf6 3. Nc3 g6 4. f4 Bg7 5. Nf3 O-O 6. Be3 b6
7. Bd3 Bb7 8. Qe2 c5 9. O-O-O cxd4 10. Bxd4 Nc6 11. Bxf6 Bxf6
12. e5 Bg7 13. Be4 Qc8 14. Qe3 Na5 15. Bd5 dxe5 16. Nxe5 e6
17. Be4 Bxe4 18. Qxe4 Nb7 19. h4 Nc5 20. Qe3 Rd8 21. h5 Rxd1+
22. Rxd1 Qe8 23. hxg6 hxg6 24. Ne4 Nxe4 25. Qxe4 Rd8 26. Rxd8
Qxd8 27. g3 b5 28. a4 bxa4 29. Qxa4 Bxe5 30. fxe5 Qd5 31. Qf4
Qh1+ 32. Kd2 Qd5+ 33. Kc1 Qh1+ 34. Kd2 Qd5+ 35. Kc1 Qh1+
1/2-1/2

[Event "FIDE Women's Grand Prix Kazan"]
[Site "Kazan RUS"]
[Date "2012.06.22"]
[EventDate "2012.06.09"]
[Round "11"]
[Result "1-0"]
[White "Alexandra Kosteniuk"]
[Black "Betul Cemre Yildiz"]
[WhiteElo "2457"]
[BlackElo "2333"]
[PlyCount "77"]

1. e4 e5 2. Nf3 Nc6 3. Bb5 a6 4. Ba4 Nge7 5. c3 g6 6. d4 exd4
7. cxd4 b5 8. Bc2 d5 9. Nc3 Bg7 10. Bg5 h6 11. Bh4 Bg4 12. e5
Bxf3 13. gxf3 g5 14. Bg3 Qd7 15. a4 b4 16. Ne2 Qh3 17. f4 a5
18. Qd3 Rb8 19. b3 f5 20. exf6 Bxf6 21. O-O-O Kd7 22. f5 Rhf8
23. Qf3 Bg7 24. Ng1 Rxf5 25. Qe2 Qg2 26. Bxf5+ Nxf5 27. Nf3
Nfxd4 28. Nxd4 Nxd4 29. Qg4+ Kc6 30. Rhe1 Nxb3+ 31. Kb1 Bf8
32. Re6+ Bd6 33. Qe2 Qh3 34. Bxd6 Qf5+ 35. Kb2 cxd6 36. Qa6+
Kc5 37. Qxd6+ Kc4 38. Re2 Rf8 39. Qc6+ 1-0

[Event "Turkish Bank Chess League"]
[Site "Konya TUR"]
[Date "2012.07.11"]
[EventDate "2012.07.11"]
[Round "1"]
[Result "1/2-1/2"]
[White "Betul Cemre Yildiz"]
[Black "Yakup Bayram"]
[WhiteElo "2330"]
[BlackElo "2281"]
[PlyCount "131"]

1. e4 e5 2. Nf3 Nc6 3. d4 d6 4. dxe5 Nxe5 5. Nxe5 dxe5
6. Qxd8+ Kxd8 7. Nc3 c6 8. Bc4 Be6 9. Bxe6 fxe6 10. Nd1 Bd6
11. Ne3 Nf6 12. f3 Ke7 13. Nc4 Bc7 14. Bd2 a5 15. a4 Rhc8
16. b4 b5 17. Nxa5 Bb6 18. Ke2 Ke8 19. Ra2 Nd7 20. Rha1 Rab8
21. Nb3 bxa4 22. Rxa4 c5 23. bxc5 Nxc5 24. Nxc5 Bxc5 25. Rc4
Bd4 26. Rxc8+ Rxc8 27. c3 Bc5 28. Rb1 Rc7 29. g4 Kf7 30. h4 h6
31. Rb5 Be7 32. h5 Bh4 33. Kd3 Kf6 34. f4 Rd7+ 35. Ke2 Bg3
36. g5+ hxg5 37. fxg5+ Kf7 38. Rb6 Bf4 39. Bxf4 exf4 40. h6
gxh6 41. gxh6 Rc7 42. Kd3 Kf6 43. Rb1 Kg6 44. Rh1 e5 45. c4
Kh7 46. Kc3 Rc6 47. Rh5 Rc5 48. Kb4 Rc7 49. Rxe5 Rf7 50. Rh5
f3 51. Rh1 f2 52. Rf1 Kxh6 53. Kc5 Rf3 54. Kd6 Kg6 55. c5 Kf7
56. c6 Ke8 57. e5 Rd3+ 58. Ke6 Rc3 59. Rxf2 Rxc6+ 60. Kd5 Ra6
61. Rh2 Rb6 62. Ke4 Ra6 63. Kf5 Ke7 64. Rh7+ Ke8 65. e6 Ra1
66. Ke4 1/2-1/2

[Event "Turkish Bank Chess League"]
[Site "Konya TUR"]
[Date "2012.07.12"]
[EventDate "2012.07.11"]
[Round "2"]
[Result "1/2-1/2"]
[White "Doga Cihan Goksel"]
[Black "Betul Cemre Yildiz"]
[WhiteElo "2220"]
[BlackElo "2330"]
[PlyCount "43"]

1. Nf3 d5 2. d4 Nf6 3. c4 dxc4 4. e3 a6 5. a4 e6 6. Bxc4 b6
7. Qe2 Bb7 8. O-O Nbd7 9. Nc3 c5 10. Rd1 Qc7 11. d5 exd5
12. Nxd5 Nxd5 13. Bxd5 Bxd5 14. Rxd5 Be7 15. b3 Bf6 16. Bb2
Bxb2 17. Qxb2 O-O 18. Rg5 f6 19. Rd5 Rad8 20. Rad1 Nb8 21. Qd2
Nc6 22. h4 1/2-1/2

[Event "Turkish Bank Chess League"]
[Site "Konya TUR"]
[Date "2012.07.14"]
[EventDate "2012.07.11"]
[Round "4"]
[Result "0-1"]
[White "Betul Cemre Yildiz"]
[Black "Alexander Ipatov"]
[WhiteElo "2330"]
[BlackElo "2581"]
[PlyCount "122"]

1. e4 c5 2. Nf3 Nc6 3. Bb5 d6 4. O-O Bd7 5. Re1 Nf6 6. c3 a6
7. Bf1 Bg4 8. d4 cxd4 9. cxd4 e5 10. Be3 exd4 11. Bxd4 Be7
12. Nc3 O-O 13. Be2 Rc8 14. Be3 Re8 15. Nd4 Bd7 16. Nxc6 Bxc6
17. Qd4 Qa5 18. Rad1 Bf8 19. Bf3 b5 20. b4 Qc7 21. Bf4 Ba8
22. Re3 Qd7 23. Be2 Qb7 24. f3 Re6 25. a4 bxa4 26. Bc4 Ree8
27. Nxa4 Nh5 28. Bg3 Nxg3 29. hxg3 d5 30. Bxd5 Qb5 31. Nb6
Bxb4 32. Rb3 Bc5 33. Kh2 Bxd4 34. Rxb5 axb5 35. Nxc8 Rxc8
36. Rxd4 Kf8 37. Kg1 Ke7 38. Kf2 Rc2+ 39. Ke3 Bxd5 40. Rxd5
Rb2 41. g4 h6 42. g5 h5 43. g3 Ke6 44. Kf4 g6 45. Ke3 Rb1
46. Kf2 b4 47. Kg2 Rb2+ 48. Kg1 Rb3 49. Kg2 Rc3 50. Kf2 b3
51. Rb5 Kd6 52. Ke2 Kc6 53. Rb8 Kc5 54. Rb7 Kd4 55. Rb4+ Kc5
56. Rb7 Kc4 57. Rc7+ Kb4 58. Rb7+ Ka3 59. Ra7+ Kb2 60. Rxf7
Kc2 61. e5 b2 0-1

[Event "Turkish Bank Chess League"]
[Site "Konya TUR"]
[Date "2012.07.15"]
[EventDate "2012.07.11"]
[Round "5"]
[Result "1/2-1/2"]
[White "Ata Secer"]
[Black "Betul Cemre Yildiz"]
[WhiteElo "2319"]
[BlackElo "2330"]
[PlyCount "33"]

1. d4 d5 2. Nf3 c5 3. g3 cxd4 4. Nxd4 e5 5. Nb3 Nc6 6. Bg2 Be6
7. O-O Nf6 8. Nc3 d4 9. Ne4 Nxe4 10. Bxe4 Bd5 11. Bxd5 Qxd5
12. c3 Be7 13. cxd4 exd4 14. Qd3 f5 15. Rd1 Rd8 16. Nd2 O-O
17. Qb3 1/2-1/2

[Event "Turkish Bank Chess League"]
[Site "Konya TUR"]
[Date "2012.07.16"]
[EventDate "2012.07.11"]
[Round "6"]
[Result "1/2-1/2"]
[White "Emre Can"]
[Black "Betul Cemre Yildiz"]
[WhiteElo "2469"]
[BlackElo "2330"]
[PlyCount "90"]

1. Nf3 d5 2. g3 Bg4 3. Bg2 c6 4. d3 Nd7 5. Nbd2 e5 6. h3 Bh5
7. c4 d4 8. O-O Ngf6 9. a3 a5 10. b3 Bd6 11. Qc2 Qe7 12. Nh4
Bg6 13. Nxg6 hxg6 14. Qb2 Rb8 15. Nf3 c5 16. Bd2 b6 17. e3
dxe3 18. Bxe3 O-O 19. Rfe1 Qd8 20. Bd2 Re8 21. Bc3 Qc7 22. Re3
Re7 23. Rae1 Rbe8 24. Qa1 Qb8 25. Bb2 Qc7 26. R1e2 e4 27. dxe4
Nxe4 28. Qe1 Ndf6 29. h4 Kf8 30. Ng5 Nxg5 31. hxg5 Rxe3
32. Rxe3 Rxe3 33. Qxe3 Ne8 34. f4 Qe7 35. Kf2 Qxe3+ 36. Kxe3
f6 37. gxf6 gxf6 38. Ke4 Ke7 39. g4 Nc7 40. Bc1 Kd7 41. Be3
Ne8 42. Bh3 Ng7 43. Bd2 Ke7 44. Kd5 Kd7 45. Ke4 Ke7 1/2-1/2

[Event "Turkish Bank Chess League"]
[Site "Konya TUR"]
[Date "2012.07.16"]
[EventDate "2012.07.11"]
[Round "7"]
[Result "1/2-1/2"]
[White "Betul Cemre Yildiz"]
[Black "Cihan Sevinc Genc"]
[WhiteElo "2330"]
[BlackElo "2203"]
[PlyCount "93"]

1. e4 e6 2. d4 d5 3. Nd2 c5 4. exd5 Qxd5 5. dxc5 Bxc5 6. Ngf3
Nf6 7. Bc4 Qc6 8. Qe2 O-O 9. O-O Nbd7 10. Nb3 Bd6 11. Nbd4 Qc5
12. Nb5 Bb8 13. b3 a6 14. Ba3 Qh5 15. Nd6 Bxd6 16. Bxd6 Rd8
17. a4 b6 18. Ne5 Qxe2 19. Bxe2 Nxe5 20. Bxe5 Bb7 21. Rad1
Rac8 22. Rxd8+ Rxd8 23. Rd1 Rxd1+ 24. Bxd1 b5 25. Bxf6 gxf6
26. axb5 axb5 27. b4 Bc6 28. Be2 Kf8 29. g4 Ke7 30. f3 Kd6
31. Kf2 h6 32. Ke3 Bd7 33. h4 Kd5 34. Bd3 Be8 35. f4 Bd7
36. g5 fxg5 37. fxg5 hxg5 38. h5 Ke5 39. h6 Kf6 40. Kf3 e5
41. c4 g4+ 42. Kg3 bxc4 43. Bxc4 Kg6 44. h7 Kxh7 45. Bxf7 Kh6
46. Bc4 Kg5 47. b5 1/2-1/2

[Event "Turkish Bank Chess League"]
[Site "Konya TUR"]
[Date "2012.07.18"]
[EventDate "2012.07.11"]
[Round "8"]
[Result "1-0"]
[White "Betul Cemre Yildiz"]
[Black "Cengiz Sengul"]
[WhiteElo "2330"]
[BlackElo "2194"]
[PlyCount "117"]

1. e4 e5 2. Nf3 Nc6 3. d4 exd4 4. Nxd4 Bb4+ 5. c3 Bc5 6. Be3
Bb6 7. Nf5 Bxe3 8. Nxe3 d6 9. c4 Nge7 10. Nc3 O-O 11. Bd3 Kh8
12. O-O f5 13. f4 Be6 14. exf5 Nxf5 15. Bxf5 Bxf5 16. Nxf5
Rxf5 17. Nd5 Ne7 18. Qd3 Nxd5 19. Qxf5 Ne3 20. Qe4 Nxf1
21. Rxf1 c6 22. Qd4 Qb6 23. Rd1 Kg8 24. a3 Qxd4+ 25. Rxd4 Rd8
26. Kf2 Kf7 27. Kf3 Ke6 28. Re4+ Kf7 29. g4 c5 30. Re3 d5
31. Re5 dxc4 32. Rxc5 Rd3+ 33. Ke4 Rb3 34. Rxc4 Rxb2 35. h4
Re2+ 36. Kf5 Re7 37. a4 b6 38. h5 Rb7 39. g5 g6+ 40. Kg4 Ke6
41. h6 a6 42. Rc6+ Kf7 43. f5 gxf5+ 44. Kxf5 b5 45. a5 b4
46. Rb6 Rc7 47. Rxb4 Rc5+ 48. Kg4 Rc1 49. Rb7+ Kg8 50. Rg7+
Kh8 51. Ra7 Rg1+ 52. Kf4 Rf1+ 53. Ke4 Re1+ 54. Kd4 Kg8
55. Rxa6 Kf7 56. Ra7+ Kg6 57. Rg7+ Kf5 58. a6 Ra1 59. a7 1-0

[Event "Turkish Bank Chess League"]
[Site "Konya TUR"]
[Date "2012.07.19"]
[EventDate "2012.07.11"]
[Round "10"]
[Result "0-1"]
[White "Ahmet Can Yurtseven"]
[Black "Betul Cemre Yildiz"]
[WhiteElo "2323"]
[BlackElo "2330"]
[PlyCount "58"]

1. c4 e5 2. Nc3 Nf6 3. Nf3 Nc6 4. g3 d5 5. cxd5 Nxd5 6. d3 Nb6
7. Bg2 Be7 8. O-O O-O 9. a3 Be6 10. b4 a5 11. b5 Nd4 12. Nd2
c6 13. bxc6 Nxc6 14. Bb2 a4 15. Rc1 f6 16. Bxc6 bxc6 17. Nce4
Bh3 18. Re1 Qd5 19. f3 Rab8 20. Qc2 Nd7 21. Nf2 Be6 22. e4 Qb5
23. Ba1 Nc5 24. d4 Nb3 25. Qxc6 Qxc6 26. Rxc6 Nxd2 27. Rxe6
Nxf3+ 28. Kf1 Nxe1 29. Bc3 Kf7 0-1

[Event "Turkish Bank Chess League"]
[Site "Konya TUR"]
[Date "2012.07.20"]
[EventDate "2012.07.11"]
[Round "11"]
[Result "0-1"]
[White "Osman Firat Salepci"]
[Black "Betul Cemre Yildiz"]
[WhiteElo "2115"]
[BlackElo "2330"]
[PlyCount "36"]

1. e4 e5 2. Nf3 Nc6 3. Bc4 Nf6 4. d4 exd4 5. e5 Ng4 6. O-O d6
7. exd6 Bxd6 8. Re1+ Kf8 9. Nbd2 Nge5 10. Nxe5 Nxe5 11. Rxe5
Bxe5 12. Qh5 Qe7 13. Nf3 Bf6 14. Bd2 Be6 15. Re1 Re8 16. g4
Qd6 17. Qb5 a6 18. Qb3 Bxc4 0-1

[Event "Turkish Bank Chess League"]
[Site "Konya TUR"]
[Date "2012.07.21"]
[EventDate "2012.07.11"]
[Round "12"]
[Result "0-1"]
[White "Mariya Muzychuk"]
[Black "Betul Cemre Yildiz"]
[WhiteElo "2456"]
[BlackElo "2330"]
[PlyCount "76"]

1. e4 e5 2. Nf3 Nc6 3. Bb5 a6 4. Bxc6 dxc6 5. O-O Bg4 6. h3
Bxf3 7. Qxf3 Qd7 8. d3 O-O-O 9. Nd2 f6 10. Nc4 h5 11. Be3 g5
12. Qe2 g4 13. h4 Ne7 14. a4 Ng6 15. g3 Be7 16. b4 f5 17. exf5
Qxf5 18. Rfb1 Bxh4 19. b5 Bf6 20. bxc6 bxc6 21. Ba7 h4 22. Ne3
Qe6 23. Qxg4 Qxg4 24. Nxg4 Be7 25. Kg2 c5 26. Ne3 Kd7 27. c4
Kc6 28. Nd5 hxg3 29. fxg3 Rhg8 30. Kf3 Bd6 31. Ke4 Ne7 32. Bb6
Rg4+ 33. Kf3 Rdg8 34. Nxe7+ Bxe7 35. Ba5 Rxg3+ 36. Ke2 Rg2+
37. Kf1 e4 38. Be1 e3 0-1

[Event "Turkish Bank Chess League"]
[Site "Konya TUR"]
[Date "2012.07.22"]
[EventDate "2012.07.11"]
[Round "13"]
[Result "1/2-1/2"]
[White "Anastasia Savina"]
[Black "Betul Cemre Yildiz"]
[WhiteElo "2304"]
[BlackElo "2330"]
[PlyCount "38"]

1. d4 d5 2. c4 dxc4 3. Nf3 Nf6 4. e3 a6 5. Bxc4 e6 6. O-O c5
7. dxc5 Bxc5 8. Qxd8+ Kxd8 9. Be2 Ke7 10. Ne5 Nbd7 11. Nd3 Bd6
12. Nc3 b6 13. f3 Bb7 14. e4 Ne5 15. Nxe5 Bxe5 16. Be3 Nd7
17. Na4 b5 18. Nc5 Nxc5 19. Bxc5+ Bd6 1/2-1/2

[Event "Chess Olympiad (Women)"]
[Site "Istanbul TUR"]
[Date "2012.08.28"]
[EventDate "?"]
[Round "1.43"]
[Result "1-0"]
[White "Betul Cemre Yildiz"]
[Black "Aditi Soondarsingh"]
[WhiteElo "2341"]
[BlackElo "1772"]
[PlyCount "69"]

1. e4 c5 2. Nf3 Nc6 3. d4 cxd4 4. Nxd4 g6 5. c4 Nf6 6. Nc3 d6
7. Be2 Nxd4 8. Qxd4 Bg7 9. Be3 O-O 10. Qd2 Bd7 11. O-O Bc6
12. f3 Qa5 13. Rab1 Nd7 14. b4 Qe5 15. Rbc1 Nb6 16. b5 Be8
17. f4 Qe6 18. Nd5 Nxd5 19. cxd5 Qxe4 20. Rc4 Qf5 21. Rc7 b6
22. Rxe7 Qf6 23. Rc7 Qb2 24. Rc2 Qa3 25. Rb1 Bd7 26. Rb3 Qa5
27. Qxa5 bxa5 28. Rc7 Bf5 29. Ra3 Rfe8 30. Kf2 Be4 31. Bf3
Bxf3 32. Kxf3 Bf6 33. Bxa7 Bd8 34. Rd7 Re1 35. b6 1-0

[Event "Chess Olympiad (Women)"]
[Site "Istanbul TUR"]
[Date "2012.08.29"]
[EventDate "2012.08.28"]
[Round "2.31"]
[Result "0-1"]
[White "Margarida Coimbra"]
[Black "Betul Cemre Yildiz"]
[WhiteElo "2116"]
[BlackElo "2341"]
[PlyCount "70"]

1. e4 e5 2. Nf3 Nc6 3. d4 exd4 4. Nxd4 Bc5 5. Be3 Qf6 6. c3
Nge7 7. Bc4 O-O 8. O-O b6 9. Nc2 Bb7 10. Nd2 Rad8 11. Bxc5
bxc5 12. Ne3 Ne5 13. Be2 N5g6 14. g3 d5 15. Qc2 d4 16. Nec4
Qe6 17. f4 f5 18. Bf3 d3 19. exf5 Nxf5 20. Qb3 Bxf3 21. Rxf3
Rb8 22. Qd1 Qd5 23. Qf1 Rbd8 24. Re1 Rf7 25. b3 Rfd7 26. Ne5
Nxe5 27. Rxe5 Qf7 28. Rxc5 Rd5 29. Rxd5 Qxd5 30. c4 Qd4+
31. Kh1 Ne3 32. Qg1 Re8 33. h4 Kf7 34. a4 c5 35. Kh2 Qb2 0-1

[Event "Chess Olympiad (Women)"]
[Site "Istanbul TUR"]
[Date "2012.08.30"]
[EventDate "2012.08.28"]
[Round "3.13"]
[Result "1-0"]
[White "Betul Cemre Yildiz"]
[Black "Claudia Noemi Amura"]
[WhiteElo "2341"]
[BlackElo "2351"]
[PlyCount "99"]

1. e4 c5 2. Nf3 Nc6 3. d4 cxd4 4. Nxd4 Nf6 5. Nc3 e5 6. Ndb5
d6 7. Bg5 a6 8. Na3 b5 9. Nd5 Be7 10. Nxe7 Nxe7 11. Bxf6 gxf6
12. Bd3 f5 13. exf5 Bxf5 14. Bxf5 Nxf5 15. Qd3 Qg5 16. Qe4 Rc8
17. O-O Rg8 18. c3 b4 19. cxb4 Nd4 20. g3 f5 21. Qb7 Rd8
22. Nc2 Rd7 23. Qxa6 Nf3+ 24. Kg2 e4 25. Ne1 Qh5 26. Nxf3
Qxf3+ 27. Kg1 Rg6 28. Rfe1 d5 29. Qe2 Qxe2 30. Rxe2 d4 31. b5
d3 32. Rd2 Rd4 33. Kf1 Kd7 34. Rc1 Rb4 35. Rc5 Rf6 36. f3 Rd6
37. Kf2 Ke6 38. fxe4 fxe4 39. Ke3 Rd5 40. Rc6+ Rd6 41. Rxd6+
Kxd6 42. a3 Ra4 43. b3 Rxa3 44. Kxe4 Kc5 45. Rxd3 Kxb5 46. Kf5
Ra7 47. Kg5 Kb4 48. Kh6 Re7 49. h4 Rf7 50. h5 1-0

[Event "Chess Olympiad (Women)"]
[Site "Istanbul TUR"]
[Date "2012.08.31"]
[EventDate "2012.08.28"]
[Round "4.13"]
[Result "0-1"]
[White "Carla Heredia Serrano"]
[Black "Betul Cemre Yildiz"]
[WhiteElo "2242"]
[BlackElo "2341"]
[PlyCount "99"]

1. e4 e5 2. Nf3 Nc6 3. Nc3 Nf6 4. Bb5 Bd6 5. O-O O-O 6. d3 h6
7. Ne2 Re8 8. Ng3 a6 9. Bxc6 dxc6 10. h3 c5 11. b3 b5 12. Bb2
Nh7 13. Re1 Ng5 14. Bc1 Ne6 15. c3 Bb7 16. Nf5 Qf6 17. Nh2 Nf4
18. Ng4 Qg6 19. Qf3 Qxf5 20. exf5 Bxf3 21. gxf3 Nxh3+ 22. Kg2
Nf4+ 23. Bxf4 exf4 24. Re4 h5 25. Nh2 Rad8 26. Kh3 Rxe4
27. fxe4 Be5 28. d4 cxd4 29. Nf3 f6 30. cxd4 Bxd4 31. Rd1 c5
32. b4 Rd6 33. bxc5 Bxc5 34. Rxd6 Bxd6 35. Kh4 Bc5 36. Kxh5
Bxf2 37. Kg4 Be3 38. Ne1 a5 39. Kf3 Kf7 40. Ng2 Ke7 41. Nxe3
fxe3 42. Kxe3 Kd6 43. Kd4 b4 44. Kc4 Kc6 45. Kd4 a4 46. Kc4 b3
47. axb3 a3 48. Kc3 Kb5 49. b4 a2 50. Kd4 0-1

[Event "Chess Olympiad (Women)"]
[Site "Istanbul TUR"]
[Date "2012.09.01"]
[EventDate "2012.08.28"]
[Round "5.22"]
[Result "1-0"]
[White "Betul Cemre Yildiz"]
[Black "Afamia Mir Mahmoud"]
[WhiteElo "2341"]
[BlackElo "1970"]
[PlyCount "93"]

1. e4 c5 2. Nf3 e6 3. d4 cxd4 4. Nxd4 Nf6 5. Bd3 a6 6. c4 Qc7
7. Nc3 Nc6 8. Nde2 d6 9. O-O b6 10. f3 Bb7 11. Be3 Be7 12. Rc1
O-O 13. Nd5 exd5 14. cxd5 Rfc8 15. dxc6 Bxc6 16. Nd4 Qb7
17. Nxc6 Rxc6 18. Rxc6 Qxc6 19. Qb3 b5 20. Rc1 Qb7 21. Qc2 Kf8
22. Be2 h6 23. g4 Nd7 24. f4 Bd8 25. Qd3 Be7 26. Bf3 Rc8
27. Rc2 Rxc2 28. Qxc2 Bd8 29. Kg2 Qc7 30. Qd2 Bf6 31. Bf2 Ke7
32. e5 dxe5 33. g5 exf4 34. gxf6+ Nxf6 35. Bd4 Qd6 36. b4 Nd7
37. Qe2+ Kf8 38. Qe4 g6 39. Qd5 Qc7 40. Qc6 Qxc6 41. Bxc6 Ke7
42. Bb7 Kd6 43. Kf3 Ne5+ 44. Bxe5+ Kxe5 45. Bxa6 Kd4 46. Bxb5
Kc3 47. a3 1-0

[Event "Chess Olympiad (Women)"]
[Site "Istanbul TUR"]
[Date "2012.09.03"]
[EventDate "2012.08.28"]
[Round "6.16"]
[Result "1-0"]
[White "Betul Cemre Yildiz"]
[Black "Veronika Exler"]
[WhiteElo "2341"]
[BlackElo "2103"]
[PlyCount "113"]

1. e4 e5 2. Nf3 Nc6 3. Bb5 a6 4. Ba4 Nf6 5. d3 d6 6. c3 b5
7. Bb3 Be7 8. a4 Bb7 9. Nbd2 O-O 10. O-O Na5 11. Bc2 c5
12. Re1 Nc6 13. Nf1 Re8 14. Ng3 g6 15. Bb3 Nd7 16. axb5 axb5
17. Rxa8 Qxa8 18. Ng5 Nd8 19. Qf3 Rf8 20. h4 Kg7 21. Qe3 Rh8
22. h5 h6 23. Nf3 g5 24. Nf5+ Kf8 25. Nh2 Nf6 26. Qf3 Ng8
27. Ng4 Bc8 28. Nge3 Be6 29. Nd5 Bxf5 30. Qxf5 Qb7 31. Re3 Kg7
32. Rf3 Qa7 33. Kh2 Qb7 34. Rg3 Kf8 35. Rf3 Kg7 36. Be3 Kf8
37. d4 exd4 38. cxd4 c4 39. Bd1 Ke8 40. b3 cxb3 41. Bxb3 Qd7
42. e5 Qxf5 43. Rxf5 Ne6 44. Nc3 dxe5 45. dxe5 b4 46. Ne4 Rh7
47. g3 Bd8 48. Nc5 Nc7 49. Ba4+ Kf8 50. Nd7+ Kg7 51. Rf3 Ne6
52. Nc5 Nxc5 53. Bxc5 Be7 54. Bd4 f6 55. Bb3 fxe5 56. Rf7+ Kh8
57. Bxe5+ 1-0

[Event "Chess Olympiad (Women)"]
[Site "Istanbul TUR"]
[Date "2012.09.05"]
[EventDate "2012.08.28"]
[Round "8.18"]
[Result "1/2-1/2"]
[White "Sulennis Pina Vega"]
[Black "Betul Cemre Yildiz"]
[WhiteElo "2345"]
[BlackElo "2341"]
[PlyCount "90"]

1. Nf3 d5 2. g3 Bg4 3. Bg2 Nd7 4. d4 e6 5. O-O Ngf6 6. Nbd2
Bd6 7. Re1 O-O 8. e4 dxe4 9. Nxe4 Nxe4 10. Rxe4 Nf6 11. Re1 c5
12. dxc5 Bxc5 13. Qxd8 Raxd8 14. Ne5 Bf5 15. Bxb7 Bxc2 16. Be3
Bxe3 17. Rxe3 Rb8 18. Rc1 Rxb7 19. Rxc2 Nd5 20. Ra3 f6 21. Nd3
Kf7 22. Rc6 Re8 23. b3 Ree7 24. Kg2 Nb4 25. Nxb4 Rxb4 26. Rca6
Rbb7 27. R3a4 e5 28. Kf3 Red7 29. Ke3 Rbc7 30. Rc4 Rb7 31. h4
h5 32. Rac6 Kg6 33. b4 Rb5 34. a4 Rb8 35. b5 Rbb7 36. Rc8 Kh7
37. Ke4 Kg6 38. R8c5 Rd2 39. Kf3 Ra2 40. Rd5 Kf5 41. Ke3 Ra3+
42. Rd3 Ra2 43. Rd2 Ra3+ 44. Rd3 Ra2 45. Rd2 Ra3+ 1/2-1/2

[Event "Chess Olympiad (Women)"]
[Site "Istanbul TUR"]
[Date "2012.09.06"]
[EventDate "2012.08.28"]
[Round "9.21"]
[Result "1-0"]
[White "Betul Cemre Yildiz"]
[Black "Tatyana Fomina"]
[WhiteElo "2341"]
[BlackElo "2189"]
[PlyCount "69"]

1. e4 c5 2. Nf3 e6 3. c4 Nc6 4. Nc3 g6 5. d4 cxd4 6. Nxd4 Bg7
7. Ndb5 Nge7 8. Nd6+ Kf8 9. Be3 h6 10. Qd2 Kg8 11. Be2 Qf8
12. Rd1 Kh7 13. O-O f5 14. f4 fxe4 15. g4 Rg8 16. Ncxe4 b6
17. Rf3 Nf5 18. gxf5 gxf5 19. Ng3 Rb8 20. Nxc8 Rxc8 21. Qxd7
Qf6 22. Qd2 Rcd8 23. Qc1 e5 24. Rxd8 Rxd8 25. fxe5 Nxe5
26. Rxf5 Qe7 27. Qc2 Ng6 28. Bf2 Rd6 29. Rd5 Re6 30. Bg4 Rc6
31. Rd7 Qe5 32. Nf5 Rc7 33. Rxc7 Qxc7 34. Nxg7 Kxg7 35. Bd4+
1-0

[Event "Chess Olympiad (Women)"]
[Site "Istanbul TUR"]
[Date "2012.09.07"]
[EventDate "2012.08.28"]
[Round "10.14"]
[Result "1/2-1/2"]
[White "Betul Cemre Yildiz"]
[Black "Yelena Dembo"]
[WhiteElo "2341"]
[BlackElo "2457"]
[PlyCount "61"]

1. e4 c5 2. c3 d6 3. d4 Nf6 4. Bd3 g6 5. dxc5 dxc5 6. e5 Nh5
7. h3 Nc6 8. Nf3 Be6 9. Qe2 Qd7 10. Be3 O-O-O 11. Bb5 a6
12. Ba4 Bf5 13. Bc2 Bxc2 14. Qxc2 Qd5 15. Nbd2 f5 16. exf6
exf6 17. O-O f5 18. Rad1 Be7 19. Nb3 Qc4 20. Rxd8+ Rxd8
21. Rd1 Rxd1+ 22. Qxd1 b6 23. Bg5 Qe6 24. Bxe7 Qxe7 25. Qd5
Kc7 26. Nbd2 Nf6 27. Qd3 Kb7 28. Nc4 Kc7 29. Ne3 Kb7 30. Nc4
Kc7 31. Ne3 1/2-1/2

[Event "Chess Olympiad (Women)"]
[Site "Istanbul TUR"]
[Date "2012.09.09"]
[EventDate "2012.08.28"]
[Round "11.18"]
[Result "1-0"]
[White "Betul Cemre Yildiz"]
[Black "Regina Pokorna"]
[WhiteElo "2341"]
[BlackElo "2353"]
[PlyCount "79"]

1. e4 e5 2. Nf3 Nc6 3. Nc3 Nf6 4. d4 exd4 5. Nxd4 Bb4 6. Nxc6
bxc6 7. Bd3 d5 8. exd5 cxd5 9. O-O O-O 10. Bg5 c6 11. Qf3 Be7
12. h3 h6 13. Bf4 Bd6 14. Rfe1 Qc7 15. Bxh6 gxh6 16. Qxf6 Bf4
17. Re7 Qd6 18. Bh7+ Kxh7 19. Rxf7+ Rxf7 20. Qxf7+ Kh8 21. Re1
Bh2+ 22. Kh1 Bf5 23. Qxf5 Rf8 24. Qg4 Be5 25. Nd1 Rf4 26. Qh5
Bg7 27. Re8+ Kh7 28. Qe2 Qg6 29. Re6 Qf5 30. Rxc6 Re4 31. Ne3
Qd7 32. Qb5 Re6 33. Qd3+ Kh8 34. Rxe6 Qxe6 35. Qxd5 Qxd5
36. Nxd5 Bxb2 37. g4 Kg7 38. Kg2 Kf7 39. Kf3 Bd4 40. Ke4 1-0

[Event "Women Grand Prix Ankara"]
[Site "Ankara TUR"]
[Date "2012.09.16"]
[EventDate "2012.09.16"]
[Round "1"]
[Result "0-1"]
[White "Betul Cemre Yildiz"]
[Black "Koneru Humpy"]
[WhiteElo "2341"]
[BlackElo "2593"]
[PlyCount "78"]

1. e4 c5 2. Nf3 b6 3. c4 Bb7 4. Nc3 e6 5. d4 cxd4 6. Nxd4 a6
7. Be3 Qc7 8. a3 Nf6 9. f3 Be7 10. Rc1 d6 11. Be2 Nbd7 12. O-O
O-O 13. b4 Rfc8 14. Qd2 Rab8 15. Rfd1 Qd8 16. Bf1 Ba8 17. Nb3
Ne5 18. Na4 h5 19. Qe1 Nfd7 20. c5 bxc5 21. Bxa6 Rc6 22. Bf1
cxb4 23. axb4 Rxc1 24. Bxc1 Bc6 25. Nb2 d5 26. Nd4 Bxb4
27. Qe2 Bc5 28. Kh1 Bxd4 29. Rxd4 dxe4 30. fxe4 Qf6 31. Rd1
Ng4 32. Nd3 Bb5 33. Be3 Nde5 34. h3 Bxd3 35. Rxd3 Nxd3
36. hxg4 Rb1 37. Kg1 Ne5 38. g5 Qd8 39. Bf4 Ng4 0-1

[Event "Women Grand Prix Ankara"]
[Site "Ankara TUR"]
[Date "2012.09.17"]
[EventDate "2012.09.16"]
[Round "2"]
[Result "0-1"]
[White "Viktorija Cmilyte"]
[Black "Betul Cemre Yildiz"]
[WhiteElo "2520"]
[BlackElo "2341"]
[PlyCount "76"]

1. c4 e5 2. g3 Nf6 3. Bg2 d5 4. cxd5 Nxd5 5. Nc3 Nb6 6. e3 Be7
7. Nge2 O-O 8. O-O c6 9. b3 f5 10. d4 e4 11. Bb2 Na6 12. g4
fxg4 13. Nxe4 Nd5 14. N2g3 Qe8 15. Nc5 Nac7 16. Qc2 Ne6
17. Nxe6 Bxe6 18. Be4 h5 19. Ne2 Bd6 20. Kh1 Rf6 21. Nc3 Nxc3
22. Bxc3 Bd5 23. f3 Rxf3 24. Bxf3 Bxf3+ 25. Rxf3 gxf3 26. e4
Qf7 27. Qf2 Rf8 28. Rg1 Qf4 29. e5 Be7 30. Be1 Qe4 31. Bd2 Bh4
32. Qe3 Qd5 33. Rxg7+ Kxg7 34. Qh6+ Kf7 35. Qxh5+ Ke6 36. Qg4+
Rf5 37. Qg6+ Ke7 38. Qh7+ Ke8 0-1

[Event "Women Grand Prix Ankara"]
[Site "Ankara TUR"]
[Date "2012.09.18"]
[EventDate "2012.09.16"]
[Round "3"]
[Result "0-1"]
[White "Betul Cemre Yildiz"]
[Black "Ruan Lufei"]
[WhiteElo "2341"]
[BlackElo "2492"]
[PlyCount "126"]

1. e4 c6 2. c4 d5 3. cxd5 cxd5 4. exd5 Nf6 5. Qa4+ Nbd7 6. Nc3
g6 7. Nf3 Bg7 8. Bc4 O-O 9. d3 a6 10. Qa3 b6 11. O-O Bb7
12. Re1 Re8 13. Bd2 b5 14. Bb3 Nb6 15. Ne4 Bxd5 16. Ba5 Bxb3
17. Qxb3 Nxe4 18. dxe4 Qb8 19. Rad1 Nc4 20. Bc3 Bxc3 21. Qxc3
Rc8 22. e5 Qb6 23. Ng5 h6 24. Nh3 b4 25. Qb3 e6 26. Nf4 Qb5
27. Qg3 Kh7 28. b3 Nb6 29. Qf3 Qc6 30. Qg4 Rd8 31. Rc1 Qe8
32. Rc7 Rd7 33. Rc6 Rd1 34. Qxd1 Qxc6 35. Qd2 a5 36. Rc1 Qe4
37. Re1 Rd8 38. Qc1 Rc8 39. Qd2 Rc2 40. Qd1 Qc6 41. h4 Qc3
42. h5 g5 43. Nd3 Nd5 44. Re2 Rxe2 45. Qxe2 Kg7 46. Kh2 Qd4
47. g3 Nc3 48. Qc2 Nxa2 49. f4 Nc3 50. Qd2 Ne4 51. Qe2 Nc5
52. Nxc5 Qxc5 53. Qd2 Qd5 54. Qe3 Qd1 55. Kg2 Qxh5 56. f5 exf5
57. e6 fxe6 58. Qxe6 Qf7 59. Qe5+ Kg6 60. Qxa5 Qxb3 61. Qa6+
Kg7 62. Qb7+ Kf6 63. Qb6+ Qe6 0-1